LEADER 01134nam a2200277 4500 001 000000364463 003 CaOOAMICUS 005 20250926121023.0 008 250924s1986 it 000 u ita r 020 $a88-17-67275-0 040 $aSeMil$bita 100 1 $aClancy, Tom,$d<1947-2013>.$0(OLS)http://semarc/name/118260 240 14$aThe hunt for Red October.$0(OLS)http://semarc/title/455847 245 13$aLa grande fuga dell'Ottobre Rosso /$cTom Clancy ; traduzione di Gianni Pilone-Colombo. 264 1$aMilano :$bRizzoli,$c1986. 300 $a476 p. ;$c23 cm 490 1 $aLa scala 700 1 $aPilone Colombo, Gianni.$0(OLS)http://semarc/name/19019 830 3$aLa scala.$0(OLS)http://semarc/title/7359 850 $aSeMil 852 $aSeMil$W1$xVenegono$y1$m1W VI 191$j262385$B255325$CSeMilBibl$Z2$F255325 $81 961 $aBrambilla don Paolo - Omaggio 996 $6020$a88-17-67275-0$9(OLS)http://semarc/number/304195 996 $6245$aLa grande fuga dell'Ottobre Rosso$9(OLS)http://semarc/title/455848 996 $6264$aMilano :$bRizzoli$9(OLS)http://semarc/publisher/29824 LEADER 01031nam a2200229 i 4500 001 000000179529 003 CaOOAMICUS 005 20090515000000.0 008 090515s1968 it u000 u fre u 013 $a157106 040 $aSeMil$bita 100 1 $aKnowles, David .$0(OLS)http://semarc/name/90510 245 13$aLe Moyen Âge /$cpar M. D. Knowles et D. Obolensky ; traduit par l'anglais par Laurent Jézéquel ; avec la collaboration d' André Crépin. 300 $a620 p. :$bill. 500 $aContiene : Bibliographie ; Chronologie. 700 1 $aCrépin, André.$0(OLS)http://semarc/name/55111 700 1 $aJézéquel, Laurent.$0(OLS)http://semarc/name/66549 700 1 $aObolensky, Dimitri,$c.$0(OLS)http://semarc/name/32841 773 0 $tNouvelle histoire de l'Église.$dParis : Ed. du Seuil, 1963-1975.$g2$w()21332 850 $aSeMil 852 $aSeMil$W1$xVenegono$y1$m3B II 152$j130291$B130291$CSeMilBibl$Z2$F141761 $81 996 $6245$aLe Moyen Âge$9(OLS)http://semarc/title/65833